Sociología: teoría y métodos /

Збережено в:
Бібліографічні деталі
Автор: Fernández González, Oscar
Інші автори: comp
Формат: Текст
Опубліковано: San José: EDUCA
Теги: Додати тег
Немає тегів, Будьте першим, хто поставить тег для цього запису!

MARC

LEADER 00000 a a2200000 04500
001 25917
003
040
020 |a 9977-30-146-9  
090 |a 174300  
100 |a Fernández González, Oscar  
245 |a Sociología: teoría y métodos /  |c Oscar Fernández González 
260 |a San José:   |b EDUCA  
300 |a 265 p  
700 |a comp  
999 |c 1490  |d 1490